00728cam a22001933u 4500001000500000005001700005040002400022050001800046100003600064245006900100260004300169300005200212490003100264505000800295520014500303521002000448521002000468700004600488114920251023093853.0 aDLCbengcCarPdDLC00aPZ7.C8466bTo1 aCrampton, Gertrude,d1909-1996.10aTootle /cstory by Gertrude Crampton; pictures by Tibor Gergely. aNew York :bSimon and Schuster,c1945. a[42] p. :billustrations. (part col.) ;c21 cm.1 aLittle golden library,v21 aG  aTootle, a young train in training, begins leaving the tracks to cavort in the meadow until engineer Bill figures out a way to lure him back. a370 bLexile  aG bRaz-Plus 1 aGergely, Tibor,d1900-1978,eillustrator.